000 00276nam a22001217a 4500
008 171023b xxu||||| |||| 00| 0 eng d
041 _aeng
080 _22ND
_a311
100 _a55
101 _aSTA
245 _aA BASIC COURSE IN STATISTICS
_cANDERSON,TH.R
942 _2udc
_cBK
999 _c35573
_d35573